000 00931nam a2200265Ia 4500
001 21812
005 20260320113314.0
008 260320s9999||||xx |||||||||||||| ||und||
020 _a9786124329814
041 _aESP
082 _a325.2450985
_bB73
100 _aBonfiglio, Giovanni,
_eCOM
245 0 _aPerú e Italia, 1821-2021 :
_bdos siglos de relaciones fructíferas
246 _a
_5
_b
250 _aPrimera edición
260 _aLima :
_bFondo Editorial del Congreso del Perú,
_c2023
300 _a270 páginas :
_bilustraciones, fotografías, retratos ;
_c27 cm.
_e
440 _a
_n
_v
650 _aCIS
653 _aItalianos - Perú - Historia; Emigración e inmigración - Perú - Siglos XIX - XXI; Italianos - Perú - Arte
654 _aDER
700 _a
_c
856 _uhttps://research-ebsco-com.ucsp.lookproxy.com/c/qxo6us/search
_zVéase además: Base de datos EBSCOhost
942 _cLIB
_dJUS
_fMAT
_2ddc
_n
999 _c21812
_d21812